000
00273nam a22001217a 4500
020
_a
0-07-018843-0
082
_a
621.3848 EWE
100
_a
EWELL,GEORGE.W
_9
74510
245
_a
RADAR TRANSMITTERS
260
_a
NEW YORK
_b
MCGRAW HILL
_c
1981
300
_a
338P
942
_c
BK
999
_c
580030
_d
580030